Príčiny a riešenia cestovného [ne]ruchu zborník z medzinárodnej konferencie študentov, doktorandov a mladých vedeckých pracovníkov : Nitra 29. 9. 2015

Salvato in:
Dettagli Bibliografici
Enti autori: Príčiny a riešenia cestovného [ne]ruchu. Medzinárodná konferencia študentov, doktorandov a mladých vedeckých pracovníkov, Filozofická fakulta Univerzity Konštantína Filozofa v Nitre. Katedra manažmentu kultúry a turizmu, Mesto Nitra, Nitrianska organizácia cestovného ruchu, Ministerstvo dopravy, výstavby a regionálneho rozvoja Slovenskej republiky
Altri autori: Dubská, Michala, Záhumenská, Lucia, Zima, Roman, Nagyová, Ľudmila, Michalík, Boris
Natura: Libro
Lingua:slovacco
Pubblicazione: Nitra Filozofická fakulta Univerzity Konštantína Filozofa v Nitre 2016
Edizione:1. vyd.
Soggetti:
Tags: Aggiungi Tag
Nessun Tag, puoi essere il primo ad aggiungerne!!

MARC

LEADER 00000nlm a2200000 4500
001 0215654
005 20221221131046.7
020 |a 978-80-558-0984-7 
041 0 |a slo 
044 |a SK 
245 1 0 |a Príčiny a riešenia cestovného [ne]ruchu  |b zborník z medzinárodnej konferencie študentov, doktorandov a mladých vedeckých pracovníkov : Nitra 29. 9. 2015  |c editori: Michala Dubská, Lucia Záhumenská, Roman Zima ; posudzovatelia: Ľudmila Nagyová, Boris Michalík 
250 |a 1. vyd. 
264 1 |a Nitra  |b Filozofická fakulta Univerzity Konštantína Filozofa v Nitre  |c 2016 
300 |a CD-ROM [237 s.] 
610 2 0 |a ruch cestovný 
610 2 0 |a manažment 
610 2 0 |a politika ruchu cestovného 
610 2 0 |a kvalita služieb 
610 2 0 |a turistika 
610 2 0 |a gastronómia 
610 2 0 |a priemysel kreatívny 
610 2 0 |a kultúra 
610 2 0 |a marketing 
610 2 0 |a hotelierstvo 
700 1 |a Dubská, Michala 
700 1 |a Záhumenská, Lucia 
700 1 |a Zima, Roman 
700 1 |a Nagyová, Ľudmila 
700 1 |a Michalík, Boris 
110 2 |a Príčiny a riešenia cestovného [ne]ruchu. Medzinárodná konferencia študentov, doktorandov a mladých vedeckých pracovníkov 
710 2 |a Filozofická fakulta Univerzity Konštantína Filozofa v Nitre. Katedra manažmentu kultúry a turizmu 
710 2 |a Mesto Nitra 
710 2 |a Nitrianska organizácia cestovného ruchu 
710 2 |a Ministerstvo dopravy, výstavby a regionálneho rozvoja Slovenskej republiky